Разработка оптической и несущей механической системы телескопа Кеплера: учебно-методическое пособие
| Tác giả của công ty: | |
|---|---|
| Tác giả khác: | , , , |
| Tóm tắt: | Заглавие с титульного экрана В пособии подробно описана методика расчета оптической схемы телескопа Кеплера: габаритный расчет, аберрационный расчет конструктивных параметров объектива, расчет аберраций объектива и окуляра, оценка разрешающей способности телескопа. Рассматриваются вопросы, связанные с конструированием основных оптических и механических узлов телескопа. Для выполнения расчетов на ПК используется учебная программа «Оптика». Предназначено для студентов, обучающихся по направлению 12.04.02 «Оптотехника». Режим доступа: из корпоративной сети ТПУ |
| Ngôn ngữ: | Tiếng Nga |
| Được phát hành: |
Томск, Изд-во ТПУ, 2020
|
| Những chủ đề: | |
| Truy cập trực tuyến: | https://www.lib.tpu.ru/fulltext2/m/2020/m073.pdf |
| Định dạng: | Điện tử Sách |
| KOHA link: | https://koha.lib.tpu.ru/cgi-bin/koha/opac-detail.pl?biblionumber=345538 |
MARC
| LEADER | 00000nlm0a2200000 4500 | ||
|---|---|---|---|
| 001 | 345538 | ||
| 005 | 20240222112841.0 | ||
| 035 | |a (RuTPU)RU\TPU\book\377387 | ||
| 035 | |a RU\TPU\book\376108 | ||
| 090 | |a 345538 | ||
| 100 | |a 20210122d2020 m y0rusy50 ca | ||
| 101 | 0 | |a rus | |
| 102 | |a RU | ||
| 105 | |a a j 001zy | ||
| 135 | |a drcn ---uucaa | ||
| 181 | 0 | |a i | |
| 182 | 0 | |a b | |
| 200 | 1 | |a Разработка оптической и несущей механической системы телескопа Кеплера |e учебно-методическое пособие |f Н. А. Агапов, Д. Т. Валиев, Н. Е. Россомахина, А. В. Ильчук |g Национальный исследовательский Томский политехнический университет, Инженерная школа новых производственных технологий | |
| 203 | |a Текст |c электронный | ||
| 210 | |a Томск |c Изд-во ТПУ |d 2020 | ||
| 300 | |a Заглавие с титульного экрана | ||
| 330 | |a В пособии подробно описана методика расчета оптической схемы телескопа Кеплера: габаритный расчет, аберрационный расчет конструктивных параметров объектива, расчет аберраций объектива и окуляра, оценка разрешающей способности телескопа. Рассматриваются вопросы, связанные с конструированием основных оптических и механических узлов телескопа. Для выполнения расчетов на ПК используется учебная программа «Оптика». Предназначено для студентов, обучающихся по направлению 12.04.02 «Оптотехника». | ||
| 333 | |a Режим доступа: из корпоративной сети ТПУ | ||
| 606 | 1 | |a Телескоп Кеплера |2 stltpush |3 (RuTPU)RU\TPU\subj\80494 |9 88155 | |
| 610 | 1 | |a электронный ресурс | |
| 610 | 1 | |a труды учёных ТПУ | |
| 610 | 1 | |a учебно-методические пособия | |
| 610 | 1 | |a оптические схемы | |
| 610 | 1 | |a зрительные трубы | |
| 610 | 1 | |a телескопы | |
| 610 | 1 | |a функциональные схемы | |
| 675 | |a 681.75(075.8) |v 4 | ||
| 701 | 1 | |a Агапов |b Н. А. |c специалист в области светотехники, физик |c профессор Томского политехнического университета, доктор технических наук |f 1951- |g Николай Афанасьевич |3 (RuTPU)RU\TPU\pers\28176 |9 13134 | |
| 701 | 1 | |a Валиев |b Д. Т. |c специалист в области материаловедения |c доцент Томского политехнического университета, кандидат физико-математических наук |f 1987- |g Дамир Талгатович |y Томск |3 (RuTPU)RU\TPU\pers\30033 |9 14467 | |
| 701 | 1 | |a Россомахина |b Н. Е. |g Наталья Евгеньевна | |
| 701 | 1 | |a Ильчук |b А. В. |g Анна Владимировна | |
| 712 | 0 | 2 | |a Национальный исследовательский Томский политехнический университет |b Инженерная школа новых производственных технологий |c (2017- ) |3 (RuTPU)RU\TPU\col\23501 |
| 801 | 1 | |a RU |b 63413507 |c 20120310 | |
| 801 | 2 | |a RU |b 63413507 |c 20211111 |g RCR | |
| 856 | 4 | |u https://www.lib.tpu.ru/fulltext2/m/2020/m073.pdf | |
| 942 | |c CF | ||